000 00388nam a22001217a 4500
005 20250901165804.0
008 250319b |||||||| |||| 00| 0 eng d
050 _aLC 4705 .A34 2010
245 _aPlanning for Instruction :
_bThe Secret of Effective Teaching
_cPatrick Acleus Kafu
260 _aNairobi :
_bJomo Kenyatta Foundation,
_c2010 .
300 _ax, 177 pages :
_c25 cm .
942 _2lcc
999 _c9254
_d9254